000 00740nam a22002177a 4500
999 _c12331
_d12331
003 AR-CdUCM
008 190408b ||||| |||| 00| 0 spa d
040 _aMUNICIPALIDAD PROVINCIAL DEL CUSCO
_cBIBLIOTECA MUNICIPAL DEL CUSCO
082 _22ed.
_aEP / 372.8704 /
_bH83
100 _aHuaman Cabrera, Vicente
_930143
245 _aEducando con la guitarra :
_bMetodo Didactico a traves de canciones de animación y motivación /
260 _aCusco :
_bAguilar,
300 _a46 paginas ;
_bIlustraciones, Graficos, Dibujos,
_c21 cm.
500 _aCancionero
650 _aTexto educativo
_925832
650 _aLiteratura
_983
650 _aCusco
_9772
650 _aCanciones
_914568
942 _2ddc
_cLIBROS
945 _apjha
_d2019-04-08